| 000 | 00657nam a22001937a 4500 | ||
|---|---|---|---|
| 005 | 20251108164132.0 | ||
| 008 | 250721s9999 xx 000 0 ara d | ||
| 082 | 1 | 4 | _a616/قيم |
| 100 | 1 | _aإبن قيم الجوزية، شمس الدين أبو عبد الله | |
| 245 | 1 | 0 |
_aالداء و الدواء : _bالجواب الكافي لمن سأل عن الدواء الشافي / |
| 264 | 1 |
_aالقاهرة : _bمكتبة القران، _c[19-]. |
|
| 300 | _a304ص | ||
| 650 | 1 | 7 | _aالأمراض |
| 650 | 1 | 7 | _aالصحة |
| 650 | 1 | 7 | _aالأدوية |
| 700 | 1 |
_aالخشب، محمد عثمان _eتحقيق |
|
| 942 |
_2ddc _cBK |
||
| 999 |
_c4512 _d4512 |
||